Statistics for All Takeoff Songs

Click here to take the quiz!

General Stats

  • This quiz has been taken 33 times
    (12 since last reset)
  • The average score is 15 of 32

Answer Stats

AlbumSong% Correct
The Last RocketCasper
89%
Only Built for Infinity LinksHOTEL LOBBY (Unc & Phew)
67%
The Last RocketShe Gon Wink
67%
The Last RocketVacation
67%
The Last RocketBruce Wayne
56%
Only Built for Infinity LinksChocolate
56%
The Last RocketInsomnia
56%
The Last RocketI Remember
56%
The Last RocketLast Memory
56%
The Last RocketMartian
56%
Only Built for Infinity LinksTony Starks
56%
Only Built for Infinity Links2.30
44%
The Last RocketInfatuation
44%
The Last RocketLead the Wave
44%
Only Built for Infinity LinksLook @ This
44%
Only Built for Infinity LinksMessy
44%
The Last RocketNone to Me
44%
Only Built for Infinity LinksNothing Changed
44%
The Last RocketSoul Plane
44%
Only Built for Infinity LinksTools
44%
Only Built for Infinity LinksTo the Bone
44%
Only Built for Infinity LinksTwo Infinity Links
44%
Only Built for Infinity LinksBars into Captions
33%
Only Built for Infinity LinksBig Stunna
33%
Single #2Crypto
33%
Only Built for Infinity LinksHell Yeah
33%
Only Built for Infinity LinksMixy
33%
Only Built for Infinity LinksSee Bout It
33%
Only Built for Infinity LinksUs vs. Them
33%
Only Built for Infinity LinksIntegration
22%
SingleIntruder
22%
Only Built for Infinity LinksNot Out
22%

Score Distribution

Percentile by Number Answered

Percent of People with Each Score

Your Score History

You have not taken this quiz since the last reset